000 00625nam a22002177a 4500
003 UA-OsUOA
001 93008
007 ta
008 20130110b un ||||| |||| 00| 0 ukr d
090 _a821.411.21
_bБ24
942 _cBK
040 _aUA-OsUOA
_brus
_cUA-OsUOA
_dUA-OsUOA
245 _aБарабаны пустыни
_bсовременная ливийская новелла
_cЕ. Шикова
300 _a264 с.
955 _a3
041 _arus
080 _a821.411.21
260 _aМ.
_bРадуга
_c1985
650 7 _a82 Література. Літературознавство
_2UDC
999 _c378963
_d378963